[Event "V. Dvorkovich Cup 2015 juniors"]
[Site "Moscow"]
[Date "2015.06.24"]
[Round "2.3"]
[White "Ghvamberia GEO, Nika"]
[Black "Naghdiyev AZE, Niyazi"]
[Result "1/2-1/2"]
[LiveChessVersion "1.4.4"]
[BlackElo "2250"]
[WhiteElo "2133"]

1. e4 {[%clk 1:30:57]} c6 {[%clk 1:30:56]} 2. d4 {[%clk 1:31:17]} d5
{[%clk 1:31:21]} 3. exd5 {[%clk 1:31:43]} cxd5 {[%clk 1:31:49]} 4. c4
{[%clk 1:32:03]} Nf6 {[%clk 1:32:09]} 5. Nc3 {[%clk 1:31:54]} e6 {[%clk 1:32:32]}
6. Nf3 {[%clk 1:31:55]} Bb4 {[%clk 1:32:47]} 7. cxd5 {[%clk 1:31:42]} Nxd5
{[%clk 1:33:12]} 8. Qc2 {[%clk 1:31:10]} Nc6 {[%clk 1:32:35]} 9. Bd3
{[%clk 1:30:09]} h6 {[%clk 1:31:18]} 10. O-O {[%clk 1:30:14]} O-O
{[%clk 1:30:14]} 11. a3 {[%clk 1:29:40]} Ba5 {[%clk 1:27:53]} 12. Be3
{[%clk 1:22:59]} Nce7 {[%clk 1:25:12]} 13. Rac1 {[%clk 1:12:07]} Bd7
{[%clk 1:08:47]} 14. Ne4 {[%clk 1:06:35]} Rc8 {[%clk 1:00:58]} 15. Qe2
{[%clk 1:04:16]} Rxc1 {[%clk 0:55:48]} 16. Rxc1 {[%clk 1:04:04]} Bc7
{[%clk 0:53:56]} 17. Ne5 {[%clk 0:57:19]} Nf5 {[%clk 0:37:19]} 18. Nxd7
{[%clk 0:52:37]} Qxd7 {[%clk 0:37:37]} 19. Nc5 {[%clk 0:49:26]} Qd6
{[%clk 0:37:08]} 20. g3 {[%clk 0:49:10]} Nfxe3 {[%clk 0:31:54]} 21. fxe3
{[%clk 0:49:19]} b6 {[%clk 0:32:17]} 22. Ne4 {[%clk 0:43:42]} Qd8
{[%clk 0:30:59]} 23. Nc3 {[%clk 0:42:16]} Nf6 {[%clk 0:30:26]} 24. Qf3
{[%clk 0:39:30]} Bb8 {[%clk 0:29:23]} 25. Bb1 {[%clk 0:32:01]} Qd7
{[%clk 0:27:28]} 26. Rd1 {[%clk 0:31:22]} Rd8 {[%clk 0:25:11]} 27. e4
{[%clk 0:27:02]} Qc6 {[%clk 0:23:37]} 28. Qe2 {[%clk 0:23:44]} e5
{[%clk 0:20:38]} 29. d5 {[%clk 0:23:21]} Qd7 {[%clk 0:20:32]} 30. Kg2
{[%clk 0:22:06]} Bd6 {[%clk 0:19:40]} 31. Bd3 {[%clk 0:17:07]} Rc8
{[%clk 0:14:30]} 32. Ba6 {[%clk 0:15:32]} Rxc3 {[%clk 0:08:32]} 33. bxc3
{[%clk 0:15:46]} Qa4 {[%clk 0:08:36]} 34. Bd3 {[%clk 0:12:31]} Qxa3
{[%clk 0:08:05]} 35. Qd2 {[%clk 0:12:08]} a5 {[%clk 0:06:26]} 36. Rb1
{[%clk 0:07:45]} Qc5 {[%clk 0:06:51]} 37. Rb5 {[%clk 0:05:06]} Qc7
{[%clk 0:07:17]} 38. Qb2 {[%clk 0:03:29]} Bc5 {[%clk 0:07:35]} 39. Qa2
{[%clk 0:02:26]} Qd7 {[%clk 0:07:03]} 40. Rxc5 {[%clk 0:31:03]} bxc5
{[%clk 0:37:06]} 41. Qxa5 {[%clk 0:31:28]} c4 {[%clk 0:24:30]} 42. Bxc4
{[%clk 0:27:51]} Qg4 {[%clk 0:24:53]} 43. Qa8+ {[%clk 0:24:46]} Kh7
{[%clk 0:25:17]} 44. d6 {[%clk 0:25:11]} Qd1 {[%clk 0:25:03]} 45. Bxf7
{[%clk 0:22:52]} Qe2+ {[%clk 0:24:17]} 46. Kg1 {[%clk 0:23:02]} Qe1+
{[%clk 0:22:58]} 47. Kg2 {[%clk 0:23:31]} Qe2+ {[%clk 0:22:58]} 48. Kg1
{[%clk 0:23:48]} Qe1+ {[%clk 0:22:51]} 1/2-1/2

[Event "V. Dvorkovich Cup 2015 juniors"]
[Site "Moscow"]
[Date "2015.06.24"]
[Round "2.4"]
[White "Hojjatova AZE, Aydan"]
[Black "Khomeriki GEO, Nino"]
[Result "0-1"]
[LiveChessVersion "1.4.4"]
[BlackElo "2244"]
[WhiteElo "2202"]

1. e4 {[%clk 1:30:57]} e6 {[%clk 1:30:32]} 2. d4 {[%clk 1:31:17]} d5
{[%clk 1:30:58]} 3. Nd2 {[%clk 1:31:39]} Nf6 {[%clk 1:31:01]} 4. e5
{[%clk 1:32:00]} Nfd7 {[%clk 1:31:26]} 5. Bd3 {[%clk 1:32:20]} c5
{[%clk 1:31:50]} 6. c3 {[%clk 1:32:39]} Nc6 {[%clk 1:32:15]} 7. Ne2
{[%clk 1:33:01]} cxd4 {[%clk 1:32:31]} 8. cxd4 {[%clk 1:33:25]} f6
{[%clk 1:32:58]} 9. exf6 {[%clk 1:33:44]} Nxf6 {[%clk 1:33:22]} 10. Nf3
{[%clk 1:34:04]} Bd6 {[%clk 1:33:46]} 11. O-O {[%clk 1:34:21]} Qc7
{[%clk 1:33:41]} 12. Nc3 {[%clk 1:34:33]} a6 {[%clk 1:33:53]} 13. Re1
{[%clk 1:34:51]} O-O {[%clk 1:33:26]} 14. h3 {[%clk 1:35:07]} Bd7
{[%clk 1:28:49]} 15. Bd2 {[%clk 1:35:06]} Rae8 {[%clk 1:26:00]} 16. Rc1
{[%clk 1:34:46]} b5 {[%clk 1:05:56]} 17. a4 {[%clk 1:12:08]} Qb6 {[%clk 0:58:09]}
18. Be3 {[%clk 0:56:45]} b4 {[%clk 0:57:33]} 19. Ne2 {[%clk 0:56:55]} Qa5
{[%clk 0:44:09]} 20. b3 {[%clk 0:54:34]} Rc8 {[%clk 0:29:57]} 21. Rc2
{[%clk 0:45:09]} Ne4 {[%clk 0:27:29]} 22. Qb1 {[%clk 0:38:00]} Nc3
{[%clk 0:22:18]} 23. Nxc3 {[%clk 0:24:39]} bxc3 {[%clk 0:22:35]} 24. Rce2
{[%clk 0:24:32]} h6 {[%clk 0:19:59]} 25. Nh4 {[%clk 0:15:46]} Be8
{[%clk 0:10:00]} 26. Bh7+ {[%clk 0:06:24]} Kh8 {[%clk 0:10:29]} 27. Bg6
{[%clk 0:06:22]} Nb4 {[%clk 0:08:34]} 28. Qc1 {[%clk 0:02:18]} Rf6
{[%clk 0:06:50]} 29. Bg5 {[%clk 0:00:44]} hxg5 {[%clk 0:01:12]} 30. Qxg5
{[%clk 0:00:37]} Bf4 {[%clk 0:01:41]} 31. Qh5+ {[%clk 0:01:00]} Bh6 32. g4
{[%clk 0:00:36]} Qd8 {[%clk 0:00:37]} 33. g5 {[%clk 0:00:36]} Rxg6
{[%clk 0:00:53]} 34. Nxg6+ {[%clk 0:00:31]} Bxg6 {[%clk 0:01:18]} 35. Qxg6 Qxg5+
{[%clk 0:01:44]} 36. Qxg5 {[%clk 0:00:37]} Bxg5 {[%clk 0:02:09]} 37. Rxe6
{[%clk 0:00:36]} c2 {[%clk 0:02:31]} 0-1

[Event "V. Dvorkovich Cup 2015 juniors"]
[Site "Moscow"]
[Date "2015.06.24"]
[Round "2.5"]
[White "Barseghyan ARM, Harutyun"]
[Black "Li CHN, Di"]
[Result "0-1"]
[LiveChessVersion "1.4.4"]
[BlackElo "2281"]
[WhiteElo "2218"]

1. d4 {[%clk 1:30:55]} Nf6 {[%clk 1:30:55]} 2. c4 {[%clk 1:31:04]} g6
{[%clk 1:31:16]} 3. Nc3 {[%clk 1:31:03]} d5 {[%clk 1:31:29]} 4. Bf4
{[%clk 1:29:04]} Bg7 {[%clk 1:31:51]} 5. e3 {[%clk 1:29:26]} O-O {[%clk 1:32:08]}
6. Rc1 {[%clk 1:28:12]} Be6 {[%clk 1:31:42]} 7. Qb3 {[%clk 1:27:04]} c5
{[%clk 1:31:16]} 8. Qxb7 {[%clk 1:26:04]} Qb6 {[%clk 1:31:41]} 9. Qxb6
{[%clk 1:25:51]} axb6 {[%clk 1:32:09]} 10. Nf3 {[%clk 1:25:48]} dxc4
{[%clk 1:28:59]} 11. dxc5 {[%clk 1:25:55]} bxc5 {[%clk 1:23:26]} 12. Ng5
{[%clk 1:26:01]} Bd5 {[%clk 1:21:18]} 13. e4 {[%clk 1:25:02]} Bb7
{[%clk 1:21:29]} 14. f3 {[%clk 1:24:34]} Ba6 {[%clk 1:15:12]} 15. Nh3
{[%clk 1:18:26]} Nc6 {[%clk 1:14:12]} 16. Nf2 {[%clk 1:16:13]} Nd7
{[%clk 1:06:14]} 17. Nfd1 {[%clk 1:08:52]} Nde5 {[%clk 0:56:49]} 18. Nd5
{[%clk 0:58:57]} Ra7 {[%clk 0:56:26]} 19. N5e3 {[%clk 0:41:22]} Rd8
{[%clk 0:39:02]} 20. Nxc4 {[%clk 0:25:55]} Bxc4 {[%clk 0:37:36]} 21. Bxc4
{[%clk 0:26:20]} Nxc4 {[%clk 0:38:02]} 22. Rxc4 {[%clk 0:26:33]} Rxa2
{[%clk 0:37:57]} 23. Be3 {[%clk 0:18:32]} Ra1 {[%clk 0:25:02]} 24. Ke2
{[%clk 0:11:52]} Nd4+ {[%clk 0:25:21]} 25. Bxd4 {[%clk 0:12:17]} Bxd4
{[%clk 0:25:46]} 26. Nf2 {[%clk 0:06:26]} Rxh1 {[%clk 0:23:23]} 27. Nxh1
{[%clk 0:06:55]} Rb8 {[%clk 0:23:16]} 28. b4 {[%clk 0:06:33]} Rxb4
{[%clk 0:23:27]} 29. Rxb4 {[%clk 0:07:02]} cxb4 {[%clk 0:23:56]} 30. Kd3
{[%clk 0:07:29]} b3 {[%clk 0:19:04]} 31. Ng3 {[%clk 0:07:08]} Kg7
{[%clk 0:13:40]} 32. Nf1 {[%clk 0:05:51]} e5 {[%clk 0:14:05]} 33. Nd2
{[%clk 0:05:48]} b2 {[%clk 0:14:31]} 34. Kc2 {[%clk 0:06:05]} Kf6
{[%clk 0:14:18]} 35. Nb3 {[%clk 0:04:10]} Bc3 {[%clk 0:13:49]} 36. Nc5
{[%clk 0:03:46]} Kg5 {[%clk 0:14:00]} 37. g3 {[%clk 0:03:34]} f5 {[%clk 0:13:23]}
38. h4+ {[%clk 0:00:34]} Kh5 {[%clk 0:10:00]} 39. exf5 {[%clk 0:01:02]} gxf5
{[%clk 0:10:23]} 40. Nd3 {[%clk 0:31:15]} e4 {[%clk 0:39:56]} 41. Nf4+
{[%clk 0:31:36]} Kh6 {[%clk 0:39:56]} 42. fxe4 {[%clk 0:31:57]} fxe4
{[%clk 0:40:22]} 43. g4 {[%clk 0:30:29]} e3 {[%clk 0:40:17]} 44. g5+
{[%clk 0:28:32]} Kg7 {[%clk 0:40:45]} 45. h5 {[%clk 0:28:55]} Be5
{[%clk 0:40:50]} 46. h6+ {[%clk 0:22:37]} Kg8 {[%clk 0:40:47]} 47. Nd3
{[%clk 0:21:27]} 0-1

[Event "V. Dvorkovich Cup 2015 juniors"]
[Site "Moscow"]
[Date "2015.06.24"]
[Round "2.6"]
[White "Dai CHN, Changren"]
[Black "Yayloyan ARM, Konstantin"]
[Result "1-0"]
[LiveChessVersion "1.4.4"]
[BlackElo "2171"]
[WhiteElo "2295"]

1. e4 {[%clk 1:30:57]} c5 {[%clk 1:30:48]} 2. Nf3 {[%clk 1:30:59]} d6
{[%clk 1:31:10]} 3. d4 {[%clk 1:31:23]} cxd4 {[%clk 1:31:34]} 4. Nxd4
{[%clk 1:31:49]} Nf6 {[%clk 1:32:00]} 5. Nc3 {[%clk 1:32:09]} g6 {[%clk 1:32:14]}
6. Be3 {[%clk 1:31:52]} Bg7 {[%clk 1:32:36]} 7. f3 {[%clk 1:31:31]} O-O
{[%clk 1:32:49]} 8. Qd2 {[%clk 1:31:55]} Nc6 {[%clk 1:33:15]} 9. Bc4
{[%clk 1:32:19]} Bd7 {[%clk 1:32:47]} 10. O-O-O {[%clk 1:32:00]} Ne5
{[%clk 1:32:44]} 11. Bb3 {[%clk 1:32:18]} Qa5 {[%clk 1:31:19]} 12. h4
{[%clk 1:30:07]} Rfc8 {[%clk 1:30:10]} 13. Kb1 {[%clk 1:29:52]} b5
{[%clk 1:29:44]} 14. h5 {[%clk 1:12:15]} Nc4 {[%clk 1:26:19]} 15. Bxc4
{[%clk 1:12:37]} bxc4 {[%clk 1:26:44]} 16. hxg6 {[%clk 1:12:59]} fxg6
{[%clk 1:27:09]} 17. Bh6 {[%clk 1:10:18]} Bh8 {[%clk 1:26:55]} 18. Qe1
{[%clk 0:46:43]} Rab8 {[%clk 1:22:40]} 19. Nd5 {[%clk 0:45:24]} Qxe1
{[%clk 1:16:39]} 20. Rhxe1 {[%clk 0:45:42]} Nxd5 {[%clk 1:14:12]} 21. exd5
{[%clk 0:46:10]} Bf6 {[%clk 1:14:34]} 22. Bc1 {[%clk 0:21:02]} Rc5
{[%clk 1:13:16]} 23. Ne2 {[%clk 0:21:05]} Rcb5 {[%clk 1:09:12]} 24. c3
{[%clk 0:17:34]} Bf5+ {[%clk 1:07:47]} 25. Ka1 {[%clk 0:18:02]} Bd3
{[%clk 1:05:10]} 26. a3 {[%clk 0:15:53]} Be5 {[%clk 0:49:32]} 27. g4
{[%clk 0:05:50]} Rxd5 {[%clk 0:48:11]} 28. Be3 {[%clk 0:04:31]} Rb7
{[%clk 0:39:18]} 29. Rd2 {[%clk 0:04:16]} Ra5 {[%clk 0:35:35]} 30. Bd4
{[%clk 0:01:08]} Bxd4 {[%clk 0:32:42]} 31. Nxd4 {[%clk 0:01:32]} Re5
{[%clk 0:24:29]} 32. Rxe5 {[%clk 0:01:09]} dxe5 {[%clk 0:24:58]} 33. Nc6
{[%clk 0:01:18]} Rd7 {[%clk 0:18:54]} 34. Nxe5 {[%clk 0:01:01]} Rd5
{[%clk 0:17:47]} 35. Nc6 {[%clk 0:00:50]} Kf7 {[%clk 0:15:49]} 36. b3
{[%clk 0:01:00]} Be4 {[%clk 0:02:46]} 37. Nd4 {[%clk 0:00:38]} Bd3
{[%clk 0:03:11]} 38. Kb2 {[%clk 0:00:34]} e5 {[%clk 0:02:42]} 39. Nc6
{[%clk 0:00:33]} Ke6 {[%clk 0:01:05]} 40. Nb4 {[%clk 0:30:38]} Rd6
{[%clk 0:31:20]} 41. Kc1 {[%clk 0:23:26]} h5 {[%clk 0:29:39]} 42. gxh5
{[%clk 0:21:26]} gxh5 {[%clk 0:29:52]} 43. Rh2 {[%clk 0:17:36]} Bg6
{[%clk 0:23:29]} 44. bxc4 {[%clk 0:17:24]} a5 {[%clk 0:23:39]} 45. Nd5
{[%clk 0:17:32]} Rc6 {[%clk 0:23:13]} 46. Rh4 {[%clk 0:17:29]} Rc8
{[%clk 0:13:39]} 47. Kd2 {[%clk 0:15:36]} Rb8 {[%clk 0:13:28]} 48. f4
{[%clk 0:14:27]} Bf7 {[%clk 0:10:38]} 49. Kd3 {[%clk 0:07:40]} Rb1
{[%clk 0:10:13]} 50. Ne3 {[%clk 0:06:27]} Bg6+ {[%clk 0:09:21]} 51. f5+
{[%clk 0:06:36]} Bxf5+ {[%clk 0:09:49]} 52. Nxf5 {[%clk 0:06:57]} Kxf5
{[%clk 0:10:16]} 53. Rxh5+ {[%clk 0:06:54]} Kf4 {[%clk 0:10:10]} 54. Rh4+
{[%clk 0:06:36]} Kg5 {[%clk 0:09:09]} 55. Rh8 {[%clk 0:05:50]} Rd1+
{[%clk 0:08:34]} 56. Ke4 {[%clk 0:05:48]} Re1+ {[%clk 0:09:03]} 57. Kd5
{[%clk 0:05:32]} e4 {[%clk 0:08:31]} 58. c5 {[%clk 0:04:57]} e3 {[%clk 0:07:54]}
59. Re8 {[%clk 0:05:09]} Rd1+ {[%clk 0:02:04]} 60. Kc4 {[%clk 0:05:16]} Kf4
{[%clk 0:02:21]} 61. c6 {[%clk 0:05:29]} Rd6 {[%clk 0:02:23]} 62. Kc5
{[%clk 0:05:49]} Rd3 {[%clk 0:02:46]} 63. c4 {[%clk 0:06:08]} 1-0

[Event "V. Dvorkovich Cup 2015 juniors"]
[Site "Moscow"]
[Date "2015.06.24"]
[Round "2.7"]
[White "Parvanyan ARM, Ashot"]
[Black "Zhang CHN, Jiabao"]
[Result "1-0"]
[LiveChessVersion "1.4.4"]
[BlackElo "2143"]
[WhiteElo "2168"]

1. d4 {[%clk 1:30:49]} Nf6 {[%clk 1:30:45]} 2. Nf3 {[%clk 1:31:09]} d5
{[%clk 1:31:06]} 3. c4 {[%clk 1:31:03]} e6 {[%clk 1:31:23]} 4. Nc3
{[%clk 1:30:36]} Bb4 {[%clk 1:31:35]} 5. Bg5 {[%clk 1:29:50]} h6 {[%clk 1:31:55]}
6. Bxf6 {[%clk 1:29:23]} Qxf6 {[%clk 1:32:19]} 7. Qa4+ {[%clk 1:28:46]} Nc6
{[%clk 1:32:41]} 8. e3 {[%clk 1:28:29]} O-O {[%clk 1:32:13]} 9. Be2
{[%clk 1:28:09]} dxc4 {[%clk 1:31:48]} 10. O-O {[%clk 1:27:45]} Bd7
{[%clk 1:31:37]} 11. Bxc4 {[%clk 1:25:05]} Qe7 {[%clk 1:31:04]} 12. Qc2
{[%clk 1:22:11]} Bd6 {[%clk 1:27:58]} 13. Rad1 {[%clk 1:15:42]} Rac8
{[%clk 1:27:38]} 14. e4 {[%clk 1:07:15]} e5 {[%clk 1:20:42]} 15. Nd5
{[%clk 1:05:39]} Qe8 {[%clk 1:20:22]} 16. dxe5 {[%clk 1:03:11]} Bxe5
{[%clk 1:10:58]} 17. Nxe5 {[%clk 0:57:41]} Nxe5 {[%clk 1:11:16]} 18. Be2
{[%clk 0:56:32]} c6 {[%clk 1:11:25]} 19. Ne3 {[%clk 0:55:59]} Ng6
{[%clk 1:05:52]} 20. f4 {[%clk 0:51:14]} Rd8 {[%clk 1:04:29]} 21. Nc4
{[%clk 0:39:48]} Qe7 {[%clk 0:55:01]} 22. Nd6 {[%clk 0:32:39]} Be6
{[%clk 0:55:04]} 23. e5 {[%clk 0:32:30]} Bd5 {[%clk 0:55:23]} 24. Bc4
{[%clk 0:25:50]} Nxf4 {[%clk 0:50:54]} 25. Bxd5 {[%clk 0:10:40]} Nxd5
{[%clk 0:47:14]} 26. Rde1 {[%clk 0:10:59]} Rd7 {[%clk 0:46:52]} 27. Qf2
{[%clk 0:03:43]} a6 {[%clk 0:45:33]} 28. Nf5 {[%clk 0:03:41]} Qe6
{[%clk 0:43:00]} 29. Qg3 {[%clk 0:01:24]} Qg6 {[%clk 0:43:20]} 30. Qh3
{[%clk 0:01:23]} Rc7 {[%clk 0:40:53]} 31. Re4 {[%clk 0:01:24]} Ne7
{[%clk 0:24:02]} 32. Rg4 {[%clk 0:01:14]} Qxf5 {[%clk 0:24:06]} 33. Rxf5
{[%clk 0:01:30]} Nxf5 {[%clk 0:24:34]} 34. Qh5 {[%clk 0:01:13]} Ne7
{[%clk 0:24:26]} 35. e6 {[%clk 0:00:54]} f5 {[%clk 0:23:33]} 36. Rd4
{[%clk 0:00:35]} Nd5 {[%clk 0:23:55]} 37. Qe2 {[%clk 0:00:33]} Re7
{[%clk 0:24:16]} 38. Qe5 {[%clk 0:00:32]} Rf6 {[%clk 0:24:23]} 39. Qb8+ Kh7
{[%clk 0:24:45]} 40. Rd2 {[%clk 0:30:33]} Rfxe6 {[%clk 0:55:03]} 41. h3
{[%clk 0:27:18]} Re1+ {[%clk 0:54:30]} 42. Kh2 {[%clk 0:23:34]} f4
{[%clk 0:53:49]} 43. Qf8 {[%clk 0:16:55]} g5 {[%clk 0:49:19]} 44. h4 Kg6
{[%clk 0:48:13]} 45. Qg8+ {[%clk 0:09:13]} Kh5 {[%clk 0:47:45]} 46. hxg5
{[%clk 0:05:09]} hxg5 {[%clk 0:42:54]} 47. g4+ {[%clk 0:04:08]} Kxg4
{[%clk 0:40:52]} 48. Rg2+ {[%clk 0:03:26]} Kf3 {[%clk 0:41:15]} 49. Qg6
{[%clk 0:00:35]} Ne3 {[%clk 0:30:21]} 50. Rxg5 {[%clk 0:00:37]} Nf1+
{[%clk 0:30:38]} 51. Kh3 {[%clk 0:00:46]} Ng3 {[%clk 0:31:03]} 52. Rxg3+
{[%clk 0:00:41]} fxg3 {[%clk 0:31:31]} 53. Qf6+ {[%clk 0:00:56]} Ke2
{[%clk 0:28:17]} 54. Qxe7+ {[%clk 0:01:18]} Kd2 {[%clk 0:28:30]} 55. Qb4+
{[%clk 0:01:02]} 1-0

[Event "V. Dvorkovich Cup 2015 juniors"]
[Site "Moscow"]
[Date "2015.06.24"]
[Round "2.8"]
[White "Hu CHN, Yu A."]
[Black "Ghukasyan ARM, Siranush"]
[Result "1/2-1/2"]
[LiveChessVersion "1.4.4"]
[BlackElo "2054"]
[WhiteElo "1950"]

1. e4 {[%clk 1:30:56]} e5 {[%clk 1:30:55]} 2. Nf3 {[%clk 1:31:11]} Nc6
{[%clk 1:31:23]} 3. Bb5 {[%clk 1:31:22]} a6 {[%clk 1:31:47]} 4. Ba4
{[%clk 1:31:29]} Nf6 {[%clk 1:32:11]} 5. O-O {[%clk 1:31:40]} Be7
{[%clk 1:32:35]} 6. d3 {[%clk 1:31:56]} d6 {[%clk 1:29:51]} 7. c3
{[%clk 1:31:39]} O-O {[%clk 1:30:13]} 8. Re1 {[%clk 1:31:00]} b5 {[%clk 1:27:26]}
9. Bb3 {[%clk 1:30:10]} Re8 {[%clk 1:27:37]} 10. h3 {[%clk 1:22:35]} Bf8
{[%clk 1:25:41]} 11. Nbd2 {[%clk 1:17:43]} g6 {[%clk 1:22:06]} 12. Nf1
{[%clk 1:15:16]} Bg7 {[%clk 1:21:56]} 13. Bg5 {[%clk 1:14:44]} h6
{[%clk 1:16:53]} 14. Bxf6 {[%clk 1:09:00]} Bxf6 {[%clk 1:14:47]} 15. Bd5
{[%clk 1:04:33]} Bb7 {[%clk 1:13:10]} 16. a4 {[%clk 1:04:39]} Qd7
{[%clk 1:05:11]} 17. Ne3 {[%clk 0:58:50]} Reb8 {[%clk 0:52:53]} 18. Ng4
{[%clk 0:47:30]} Bg7 {[%clk 0:52:40]} 19. Qd2 {[%clk 0:47:30]} Kh7
{[%clk 0:49:16]} 20. d4 {[%clk 0:47:06]} Qe7 {[%clk 0:45:51]} 21. axb5
{[%clk 0:29:09]} axb5 {[%clk 0:46:13]} 22. Rxa8 {[%clk 0:29:26]} Rxa8
{[%clk 0:44:50]} 23. dxe5 dxe5 {[%clk 0:43:26]} 24. Nfxe5 {[%clk 0:27:51]} Nxe5
{[%clk 0:37:46]} 25. Bxb7 {[%clk 0:28:11]} Rd8 {[%clk 0:37:10]} 26. Qe2
{[%clk 0:26:18]} Nc4 {[%clk 0:27:20]} 27. Bd5 {[%clk 0:16:33]} Nxb2
{[%clk 0:24:01]} 28. Qxb5 {[%clk 0:13:29]} Na4 {[%clk 0:14:10]} 29. Bxf7
{[%clk 0:08:40]} Qxf7 {[%clk 0:12:30]} 30. Qxa4 {[%clk 0:09:04]} h5
{[%clk 0:11:43]} 31. Ne3 {[%clk 0:08:01]} Rd2 {[%clk 0:10:45]} 32. Rf1
{[%clk 0:08:08]} Bxc3 {[%clk 0:10:17]} 33. Qc4 {[%clk 0:06:47]} Qxc4
{[%clk 0:09:40]} 34. Nxc4 {[%clk 0:07:16]} Rd4 {[%clk 0:09:53]} 35. Ne3
{[%clk 0:07:23]} Rxe4 {[%clk 0:10:15]} 36. Rc1 {[%clk 0:07:39]} Be5
{[%clk 0:10:22]} 37. Nd5 {[%clk 0:08:03]} c5 {[%clk 0:09:35]} 38. Kf1
{[%clk 0:06:43]} c4 {[%clk 0:07:40]} 39. Re1 {[%clk 0:06:28]} Rxe1+
{[%clk 0:07:42]} 40. Kxe1 {[%clk 0:36:56]} Kg7 {[%clk 0:35:16]} 41. Kd2
{[%clk 0:36:47]} Kf7 {[%clk 0:35:04]} 42. Ne3 {[%clk 0:34:19]} Bd4
{[%clk 0:35:00]} 1/2-1/2

[Event "V. Dvorkovich Cup 2015 juniors"]
[Site "Moscow"]
[Date "2015.06.24"]
[Round "2.9"]
[White "Vavulin RUS, Maksim"]
[Black "Beks LAT, Edmunds"]
[Result "1-0"]
[LiveChessVersion "1.4.4"]
[BlackElo "2043"]
[WhiteElo "2445"]

1. b3 {[%clk 1:30:55]} b6 {[%clk 1:30:04]} 2. Bb2 {[%clk 1:31:17]} Bb7
{[%clk 1:30:30]} 3. Nc3 {[%clk 1:30:27]} Nf6 {[%clk 1:30:50]} 4. d4
{[%clk 1:30:40]} g6 {[%clk 1:30:24]} 5. Qd3 {[%clk 1:29:48]} d5 {[%clk 1:29:27]}
6. O-O-O {[%clk 1:29:48]} Nbd7 {[%clk 1:28:32]} 7. f3 {[%clk 1:29:34]} c5
{[%clk 1:27:39]} 8. e4 {[%clk 1:17:16]} cxd4 {[%clk 1:26:13]} 9. Nxd5
{[%clk 1:17:37]} e5 {[%clk 1:25:25]} 10. Nxf6+ {[%clk 1:17:02]} Qxf6
{[%clk 1:25:29]} 11. Qd2 {[%clk 1:16:55]} h5 {[%clk 1:23:09]} 12. Kb1
{[%clk 1:17:09]} Bh6 {[%clk 1:22:53]} 13. Qb4 {[%clk 1:16:33]} a5
{[%clk 1:22:12]} 14. Qa4 {[%clk 1:12:53]} O-O-O {[%clk 1:15:49]} 15. Bb5
{[%clk 1:10:57]} Nc5 {[%clk 1:15:42]} 16. Qc4 {[%clk 1:11:18]} Qe6
{[%clk 1:15:41]} 17. Qxe6+ {[%clk 1:07:23]} Nxe6 {[%clk 1:15:53]} 18. Bc4
{[%clk 1:07:40]} Rhe8 {[%clk 1:15:44]} 19. Ne2 {[%clk 1:06:00]} Be3
{[%clk 1:03:35]} 20. c3 {[%clk 1:02:30]} dxc3 {[%clk 1:03:11]} 21. Bxc3
{[%clk 1:02:47]} f6 {[%clk 1:02:02]} 22. Bb2 {[%clk 0:58:22]} g5 {[%clk 0:55:50]}
23. Rxd8+ {[%clk 0:50:28]} Kxd8 {[%clk 0:53:27]} 24. h4 {[%clk 0:40:06]} g4
{[%clk 0:49:46]} 25. Bb5 {[%clk 0:32:19]} Re7 {[%clk 0:49:00]} 26. Ng3
{[%clk 0:31:00]} Rh7 {[%clk 0:47:40]} 27. Rd1+ {[%clk 0:17:29]} Kc7
{[%clk 0:47:22]} 28. Be8 {[%clk 0:17:41]} Nf4 {[%clk 0:46:15]} 29. Ba3
{[%clk 0:17:39]} Bf2 {[%clk 0:36:08]} 30. Nf5 {[%clk 0:15:20]} Bc5
{[%clk 0:25:54]} 31. Bxc5 {[%clk 0:14:38]} bxc5 {[%clk 0:26:16]} 32. Ne3
{[%clk 0:11:53]} gxf3 {[%clk 0:26:05]} 33. gxf3 {[%clk 0:12:18]} Rg7
{[%clk 0:16:12]} 34. Bb5 {[%clk 0:11:05]} Bc6 {[%clk 0:10:00]} 35. Bxc6
{[%clk 0:10:42]} Kxc6 {[%clk 0:10:28]} 36. Nc4 {[%clk 0:10:51]} Rg3
{[%clk 0:08:28]} 37. Rd6+ {[%clk 0:10:03]} Kc7 {[%clk 0:08:52]} 38. Rxf6
{[%clk 0:09:44]} Rxf3 {[%clk 0:09:15]} 39. Rf7+ {[%clk 0:09:46]} Kc8
{[%clk 0:09:01]} 40. Nxe5 {[%clk 0:39:37]} Rf2 {[%clk 0:36:24]} 41. Nc4
{[%clk 0:35:32]} Rf1+ {[%clk 0:35:42]} 42. Kc2 {[%clk 0:35:51]} Rf2+
{[%clk 0:35:50]} 43. Kd1 {[%clk 0:33:18]} Nd3 {[%clk 0:34:21]} 44. Nd6+
{[%clk 0:33:16]} Kb8 {[%clk 0:34:27]} 45. Rxf2 {[%clk 0:32:59]} Nxf2+
{[%clk 0:34:49]} 46. Ke2 {[%clk 0:33:21]} Ng4 {[%clk 0:34:32]} 47. Nc4
{[%clk 0:33:21]} Nf6 {[%clk 0:34:30]} 48. Kf3 {[%clk 0:33:39]} 1-0

[Event "V. Dvorkovich Cup 2015 juniors"]
[Site "Moscow"]
[Date "2015.06.24"]
[Round "2.10"]
[White "Tokranovs LAT, Dmitrijs"]
[Black "Khanin RUS, Semen"]
[Result "1/2-1/2"]
[LiveChessVersion "1.4.4"]
[BlackElo "2405"]
[WhiteElo "2192"]

1. e4 {[%clk 1:30:57]} c5 {[%clk 1:30:57]} 2. c3 {[%clk 1:31:22]} d5
{[%clk 1:31:23]} 3. exd5 {[%clk 1:31:44]} Qxd5 {[%clk 1:31:48]} 4. d4
{[%clk 1:32:06]} Nc6 {[%clk 1:32:14]} 5. Nf3 {[%clk 1:32:29]} Bf5
{[%clk 1:32:40]} 6. dxc5 {[%clk 1:30:51]} Qxd1+ {[%clk 1:33:03]} 7. Kxd1
{[%clk 1:31:17]} Nf6 {[%clk 1:33:23]} 8. Nbd2 {[%clk 1:29:30]} O-O-O
{[%clk 1:23:11]} 9. Ke1 {[%clk 1:29:30]} e5 {[%clk 1:23:16]} 10. Nb3
{[%clk 1:22:37]} Nd5 {[%clk 1:15:35]} 11. Bc4 {[%clk 1:16:04]} Be7
{[%clk 1:00:24]} 12. Be3 {[%clk 1:04:05]} Be6 {[%clk 0:52:22]} 13. Rd1
{[%clk 1:00:53]} Kb8 {[%clk 0:50:54]} 14. Bb5 {[%clk 0:57:57]} f6
{[%clk 0:49:37]} 15. Nfd2 {[%clk 0:51:52]} f5 {[%clk 0:46:04]} 16. Nc4
{[%clk 0:50:37]} Nc7 {[%clk 0:42:00]} 17. Bxc6 {[%clk 0:49:43]} Bxc4
{[%clk 0:42:08]} 18. Rxd8+ {[%clk 0:47:35]} Rxd8 {[%clk 0:42:32]} 19. Na5
{[%clk 0:46:30]} Ba6 {[%clk 0:38:14]} 20. b4 {[%clk 0:45:04]} Rd3
{[%clk 0:33:19]} 21. c4 {[%clk 0:37:06]} Ra3 {[%clk 0:31:28]} 22. Bf3
{[%clk 0:36:16]} Rxa2 {[%clk 0:31:20]} 23. Bd2 {[%clk 0:36:10]} Bd8
{[%clk 0:09:38]} 24. Bc3 {[%clk 0:30:53]} Ne6 {[%clk 0:06:31]} 25. Bxe5+
{[%clk 0:30:17]} Bc7 {[%clk 0:06:42]} 26. Bxc7+ {[%clk 0:28:46]} Kxc7
{[%clk 0:07:08]} 27. b5 {[%clk 0:19:17]} Ra1+ {[%clk 0:05:11]} 28. Bd1
{[%clk 0:19:10]} Rxa5 {[%clk 0:05:35]} 29. bxa6 {[%clk 0:19:35]} Rxa6
{[%clk 0:01:52]} 30. Kd2 {[%clk 0:19:52]} Ra2+ {[%clk 0:01:50]} 31. Kc3
{[%clk 0:18:13]} Rxf2 {[%clk 0:01:05]} 32. Re1 {[%clk 0:18:42]} Kd7
{[%clk 0:00:34]} 33. Ba4+ {[%clk 0:19:00]} Ke7 {[%clk 0:01:01]} 34. c6
{[%clk 0:19:18]} bxc6 {[%clk 0:01:15]} 35. Bxc6 {[%clk 0:19:41]} Kd6
{[%clk 0:01:27]} 36. Ba8 {[%clk 0:18:47]} Ra2 {[%clk 0:01:21]} 37. Rd1+
{[%clk 0:17:14]} Ke7 {[%clk 0:01:34]} 38. Bc6 {[%clk 0:16:27]} f4
{[%clk 0:01:18]} 39. Rd7+ {[%clk 0:16:15]} Kf6 {[%clk 0:01:45]} 40. Bd5
{[%clk 0:46:34]} Re2 {[%clk 0:30:34]} 41. Rxa7 {[%clk 0:46:54]} Ke5 1/2-1/2